00883nam a2200253Ia 450000500170000000800410001702000150005810000330007324500900010625000190019630000270021549000220024250000450026450400270030965000420033665000440037865000370042226400360045933600270049533700330052233800280055504000350058308400110061820220317000554.0160601s2005 ck g 000 0 spa  a95870432511 aObeso, Candelariod1849-188410aCantos populares de mi tierra cCandelario Obeso ; prólogo de Roberto Burgos Cantor a1a. edición  a106 páginas c18 cm  aPunto de lectura  aIncluye índice de títulos y glosario aIncluye bibliografía142LEMBaPoesía colombiana ySiglo XIX142LEMBaLiteratura colombiana ySiglo XIX142LEMBaPoesía negra colombiana  aBogotá bSuma de Letrasc2005 atextobtxt2rdacontent asin mediaciónbn2rdamedia avolumenbnc2rdacarrier aCO-BoRNBPbspaerdacCO-BoRNBP aP OBE2